000 00805nam a22002297a 4500
003 UA-OsUOA
001 54044
007 ta
008 20080519b un ||||| |||| 00| 0 ukr d
090 _a94(477).035:262
_bБ48
942 _cBK
040 _aUA-OsUOA
_bukr
_cUA-OsUOA
_dUA-OsUOA
245 _aБерестейська унія та внутрішнє життя Церкви вXYII столітті
_bМатеріали Четвертих "Берестейських читань" Львів, Луцьк, Київ, 2-6 жовтня 1995 р.
300 _a156 с.
955 _a1
041 _aukr
080 _a94(477).035:262
020 _a966-7034-03-8
260 _aЛьвів
_bІІЦЛБА
_c1997
650 7 _a26 Християнська Церква загалом
_2UDC
999 _c340132
_d340132